000 01073nam a2200301 a 4500
001 000042699
003 DO-SdBNP
005 20250207092554.0
007 ta
008 140205s2012 dr r 001 p spa d
020 _a9789945404791
040 _aDO-SdBNP
_bspa
_cBNPHU
_erda
082 4 _aRD861.5
_bB468d
_222
100 1 _aBenjamin, Rossalinna,
_d1979-
_eautor
_4aut.
_970010
245 1 3 _aEl diario del desapego :
_bdesvaríos domésticos /
_cRossalinna Benjamín.
264 1 _aSanto Domingo :
_bEdiciones de Cultura,
_c2012.
300 _a66 páginas ;
_c23 cm,.
336 _atexto
_btxt
_2rdacontent
337 _asin mediación
_bn
_2rdamedia
338 _avolumen
_bnc
_2rdacarrier
500 _aIncluye datos biográficos del autor en la solapa de la cubierta.
590 _aInventariado, 2019 / DG
650 4 _aPoesía dominicana
_966
650 4 _aLiteratura dominicana.
_967
710 _aRepública Dominicana.
_bMinisterio de Cultura.
_bSistema Nacional de Creación Literaria.
_969918
910 _aValidado. Control de calidad. EMS
942 _2ddc
_cLBS1
999 _c42188
_d42188